| 000 | 00458nam a2200157 i 4500 | ||
|---|---|---|---|
| 001 | 30282 | ||
| 003 | ES-MaACL | ||
| 005 | 20230906154152.0 | ||
| 007 | t| | ||
| 008 | 030124s1965 sp ||||1| spa d | ||
| 100 | 1 |
_aBassó, Frederic. _926322 |
|
| 245 | 1 | 0 |
_aDejad que los niños se acerquen a mí _b: esquemas de catequesis / _cF. Bassó. |
| 260 |
_aBarcelona : _bNova Terra, _c1965. |
||
| 300 |
_a25 facs. ; _c22 cm. |
||
| 852 |
_aES-MaACL _jC-26746 _bR.57895 |
||
| 999 |
_c30282 _d30282 |
||